Bài giảng tai mũi họng
Đã lưu trong:
| 主要作者: | |
|---|---|
| 格式: | 圖書 |
| 語言: | Undetermined |
| 出版: |
Tp. HCM
Trường Đại học Y Dược
1998
|
| 主題: | |
| 標簽: |
添加標簽
沒有標簽, 成為第一個標記此記錄!
|
| Thư viện lưu trữ: | Trung tâm Học liệu Trường Đại học Cần Thơ |
|---|
| LEADER | 00574nam a2200193Ia 4500 | ||
|---|---|---|---|
| 001 | CTU_27039 | ||
| 008 | 210402s9999 xx 000 0 und d | ||
| 020 | |b 22.000đ | ||
| 082 | |a 616.2 | ||
| 082 | |b B106b | ||
| 100 | |a Nguyễn Đình Bảng | ||
| 245 | 0 | |a Bài giảng tai mũi họng | |
| 245 | 0 | |c Nguyễn Đình Bảng | |
| 260 | |a Tp. HCM | ||
| 260 | |b Trường Đại học Y Dược | ||
| 260 | |c 1998 | ||
| 650 | |a otolaryngology,respiratory organs - diseases | ||
| 904 | |i Minh, 981029 | ||
| 980 | |a Trung tâm Học liệu Trường Đại học Cần Thơ | ||